01836cam a2200385 a 4500999001500000001000900015003000400024005001700028008004100045010001300086020001500099020001800114035003700132040010600169043002100275050002100296082001700317100001800334245009900352260004200451300004000493490002700533504006300560505010500623520037600728650004201104651003801146651003401184655003901218700002001257710003001277776010801307830002301415942001201438 c6777d677711313827OSt20190119171143.0840727s1984 maua b 001 0 eng  a84072040 a0939526115 a9780939526116 a(OCoLC)11313827z(OCoLC)60080186 aDLCbengcDLCdBAKERdBTCTAdYDXCPdVVWdZWZdCKLdGEBAYdOCLCQdZR1dTULIBdTUUdGBVCPdOCLCFdOCLCO aa-vt---an-us---00aDS558b.D67 1984 a959.7bM283V1 aDougan, Clark12aA nation divided /cClark Dougan, Samuel Lipsman, and the editors of Boston Publishing Company aBoston, MA :bBoston Pub. Co.,cc1984 a192 p. :bill. (some col.) ;c29 cm1 aThe Vietnam experience aIncludes bibliographical references (p. 186-188) and index0 aConsensus (1945-1964) -- Crisis (1965-1966) -- Fragmentation (1967-1968) -- Polarization (1969-1972) a"Examines the course of social reformation in America, from the end of the second World War to the Vietnam War." Includes picture essay on Woodstock, as well as material on the civil rights movement, the 1968 Democratic National convention, anti-war protests, Martin Luther King, Jr., the SDS, the Berrigan brothers, "Dissent in the ranks," and "Rock 'n' roll rebellion." 0aVietnam War, 1961-1975zUnited States 0aUnited StatesxHistoryy1961-1969 0aUnited StatesxHistoryy1969- 7aHistory.2fast0(OCoLC)fst014116281 aLipsman, Samuel2 aBoston Publishing Company08iOnline version:aDougan, Clark.tNation divided.dBoston, MA : Boston Pub. Co., c1984w(OCoLC)651717028 0aVietnam experience 2ddccBK